000 00525nam a2200217 454500
001 066263
003 BD-ChCU
008 Eng
020 _ax
040 _aDLC
_cDLC
_dBD-ChCU
082 0 0 _a200.1/HIC
100 1 _aHick, John.
_bx
245 1 0 _aClassical and contemporary readings in the philosophy of religion
_bx
250 _ax
260 _aCliffs
_bPrentice -Hall
_c1964
300 _axv, 494
504 _ax
650 0 _aReligion - Philosophy
_bReligion - Philosophy
700 1 _ax
942 _2ddc
_cBK
999 _c66263
_d66263